000 00337nam a2200145Ia 4500
008 230711s9999||||xx |||||||||||||| ||und||
041 _aENG
082 _a4
_bMI-N
100 _aMithal,G.K
245 0 _aNetwork analysis
250 _a1st
260 _c1992
_aNew Delhi
_bKhanna Publishers
650 _aElectrical Engineering
942 _cBK
999 _c359
_d359